[Event "Josef Kupper Memorial 2019"]
[Site "Zurich"]
[Date "2019.08.15"]
[Round "3.2"]
[White "Kovalenko, Igor"]
[Black "Tabatabaei, M.amin"]
[Result "1/2-1/2"]
[WhiteElo "2654"]
[BlackElo "2601"]
[Annotator "TA"]
[PlyCount "154"]
[EventDate "2019.08.14"]
[EventType "swiss"]
[EventCountry "SUI"]
[SourceTitle "playchess.com"]
[Source "ChessBase"]
[SourceQuality "1"]

{[%evp 18,154,20,0,0,0,11,0,6,0,10,5,18,0,25,5,25,-14,44,41,36,25,35,24,32,18,13,12,12,8,8,8,14,0,0,0,4,5,8,5,8,8,9,5,6,6,14,4,6,0,6,0,5,0,0,0,7,2,8,8,8,0,4,0,0,0,0,0,0,0,0,0,0,0,0,0,0,0,0,0,0,0,0,0,0,0,0,0,0,0,0,0,0,0,0,0,0,0,0,0,0,0,0,0,0,0,0,0,0,0,0,0,0,0,0,0,0,0,0,0,0,0,0,0,0,0,0,0,0,0,0,0,0,0,0,0,0,0,0]} 1. e4 c5 2. Nf3 d6 3. Bb5+ Bd7 4. Bxd7+ Nxd7 5. O-O e6 6. d4 cxd4 7. Qxd4 Ngf6 8. c4 Be7 9. Nc3 O-O 10. b3 a6 {B52: Sicilian: Moscow Variation with 3...Bd7} 11. h3 Qa5 $146 ({Predecessor:} 11... Qc7 12. Bb2 Rac8 13. Rfd1 Rfd8 14. Rac1 Qb8 15. Ba3 {½-½ (39) Zigura,O (2401)-Le Quang,K (2274) Bagneux 2002}) 12. Bd2 Qh5 13. Rfe1 Rfe8 14. Qd3 Rab8 15. Nd4 Bd8 16. Rad1 Bb6 {[#] White must now prevent ...Ne5.} 17. Be3 d5 (17... Ba5 $11) 18. exd5 exd5 19. Nxd5 Nxd5 20. cxd5 {Threatening d6.} Qxd5 21. Nf5 Qxd3 {The position is equal.} 22. Rxd3 Nf6 23. Rc1 Bxe3 24. Nxe3 Rbc8 25. Rdc3 (25. Rxc8 {feels hotter.} Rxc8 26. Rd6 Kf8 27. f3 Rc7 28. Kf2) 25... Rxc3 26. Rxc3 $11 {[%mdl 4096] Endgame KRN-KRN} Kf8 27. g4 h6 28. Kg2 Ne4 29. Rc7 Re7 30. Rc4 Nd6 31. Rd4 Re6 32. h4 Ke7 33. Kf3 g6 34. a4 Kd7 35. Ke2 Kc6 36. Kd3 a5 37. Nc4 Nxc4 38. Rxc4+ {KR-KR} Kd7 39. Rf4 f6 40. Rd4+ Rd6 41. Rxd6+ Kxd6 {KP-KP} 42. Kc4 {[#] And now Kb5 would win.} Kc6 43. h5 gxh5 44. gxh5 b6 45. b4 axb4 46. Kxb4 {K3P-K3P} Kc7 47. Kc3 Kd6 48. Kd4 Ke6 49. Ke4 f5+ $1 50. Kd4 Kd6 51. Kc4 Kc6 $1 52. Kb4 Kd6 53. Kb5 Kc7 54. Ka6 Kc6 {Threatens to win with ...f4.} (54... f4 $5 55. Kb5 $8 f3 $11) 55. f4 Kc5 56. Kb7 b5 $1 {[%cal Rb5a4]} 57. a5 {White wants to mate with a6.} b4 58. a6 {Strongly threatening a7.} b3 59. a7 b2 60. a8=Q {Qa3+ would kill now.} b1=Q+ {KQ-KQ} 61. Kc8 {aiming for Qa5+.} Qb6 {( -> ...Qe6+)} 62. Qa3+ Kd4 63. Qa1+ Ke4 64. Qe5+ Kf3 65. Qxf5 Qc6+ 66. Kd8 Qd6+ 67. Ke8 {Hoping for Kf7.} Qxf4 68. Qg6 Ke3 69. Ke7 Kd4 70. Qb6+ Ke5 71. Qc5+ Ke4 72. Ke6 Kf3 73. Qf5 Ke3 74. Kf6 Qxf5+ 75. Kxf5 {White threatens Kg6 and mate.} Kd4 76. Kg6 Ke5 77. Kxh6 {Intending Kg6 and mate.} Kf6 {Accuracy: White = 65%, Black = 69%.} 1/2-1/2

[Event "Josef Kupper Memorial 2019"]
[Site "Zurich"]
[Date "2019.08.15"]
[Round "3.3"]
[White "Idani, Pouya"]
[Black "Iturrizaga Bonelli, Eduardo"]
[Result "1/2-1/2"]
[WhiteElo "2581"]
[BlackElo "2635"]
[Annotator "TA"]
[PlyCount "53"]
[EventDate "2019.08.14"]
[EventType "swiss"]
[EventCountry "SUI"]
[SourceTitle "playchess.com"]
[Source "ChessBase"]
[SourceQuality "1"]

{[%evp 21,53,26,55,43,56,32,32,24,36,33,58,58,57,56,89,81,124,65,87,41,39,34,54,57,53,0,0,0,0,0,0,-7,0,0]} 1. e4 c5 2. Nf3 e6 3. d4 cxd4 4. Nxd4 a6 5. Bd3 Qc7 6. O-O Nf6 7. Qe2 d6 8. f4 Nbd7 9. c4 Be7 10. Nc3 O-O 11. Kh1 b6 12. Bd2 {B42: Sicilian: Kan Variation: 5 Bd3} Bb7 (12... Re8 13. Rae1 Bb7 14. Nf3 e5 15. Nd5 Bxd5 16. cxd5 exf4 17. Bxf4 Bf8 18. Bg5 h6 19. Bxf6 Nxf6 {0-1 (42) Saric,I (2687)-Fedorchuk,S (2607) Bastia 2018}) 13. f5 e5 14. Nc2 {White is slightly better.} Nc5 15. Bg5 Rfc8 $146 ({Predecessor:} 15... Rac8 16. Bxf6 Bxf6 17. Ne3 Rfd8 18. Ncd5 Bxd5 19. Nxd5 {1-0 (30) Spitzl,V (1922)-Abdurakhimov,P (1784) Magdeburg 2014}) 16. Bxf6 Bxf6 ({Much weaker is} 16... gxf6 $6 17. Ne3 $18) 17. Ne3 Nxd3 18. Qxd3 Rab8 19. Rad1 (19. Ncd5 $16 Bxd5 20. Nxd5 Qxc4 21. Qe3) 19... Bg5 20. b3 {aiming for Ncd5.} Bxe3 $1 21. Qxe3 {[#] Threatens to win with f6.} f6 22. a4 Bc6 23. Qe2 ({White should play} 23. Rc1 $14) 23... b5 $1 $11 {The position is equal.} 24. axb5 axb5 25. cxb5 Be8 26. Rd3 Bxb5 27. Nxb5 {Accuracy: White = 51%, Black = 67%.} 1/2-1/2

[Event "Josef Kupper Memorial 2019"]
[Site "Zurich"]
[Date "2019.08.15"]
[Round "3.4"]
[White "Bluebaum, Matthias"]
[Black "Epishin, Vladimir"]
[Result "1/2-1/2"]
[WhiteElo "2619"]
[BlackElo "2553"]
[Annotator "TA"]
[PlyCount "51"]
[EventDate "2019.08.14"]
[EventType "swiss"]
[EventCountry "SUI"]
[SourceTitle "playchess.com"]
[Source "ChessBase"]
[SourceQuality "1"]

{[%evp 12,51,20,20,34,15,27,18,31,13,45,29,41,13,13,13,9,10,16,13,18,16,13,0,18,18,25,29,24,25,37,0,0,0,7,0,9,0,0,0,0,0]} 1. d4 d5 2. c4 e6 3. Nc3 Be7 4. cxd5 exd5 5. Bf4 Nf6 6. e3 O-O 7. Bd3 b6 {D35: Queen's Gambit Declined: Exchange Variation} (7... c5 8. dxc5 Bxc5 9. Nge2 Nc6 10. O-O d4 11. exd4 Nxd4 12. Be5 Nc6 13. Bxf6 Qxf6 {½-½ (13) Kuzubov,Y (2647)-Berkes,F (2678) Valjevo 2018}) 8. h3 c5 9. Nge2 Nc6 10. O-O Be6 11. Rc1 Qd7 12. Qd2 $146 ({Predecessor:} 12. dxc5 bxc5 13. Qa4 a6 14. Bb1 Rfd8 15. Bg5 {1-0 (47) Sadler,M (2515)-Mikhalevski,V (2320) London 1992}) 12... Rfd8 13. Rfd1 c4 14. Bb1 Bf5 15. Bg5 Bxb1 16. Rxb1 Ne8 17. Bxe7 Qxe7 18. b3 cxb3 19. axb3 Nf6 20. Nf4 Nb4 21. Nd3 a5 {The position is equal.} 22. Rdc1 Rdc8 23. f3 h6 24. Nb5 Qd7 25. Na3 Nxd3 26. Qxd3 {Accuracy: White = 58%, Black = 55%.} 1/2-1/2

[Event "Josef Kupper Memorial 2019"]
[Site "Zurich"]
[Date "2019.08.15"]
[Round "3.5"]
[White "Van Foreest, Jorden"]
[Black "Arjun Kalyan"]
[Result "1-0"]
[WhiteElo "2626"]
[BlackElo "2482"]
[Annotator "TA"]
[PlyCount "62"]
[EventDate "2019.08.14"]
[EventType "swiss"]
[EventCountry "SUI"]
[SourceTitle "playchess.com"]
[Source "ChessBase"]
[SourceQuality "1"]

{[%evp 13,62,16,22,11,23,23,9,16,9,13,16,10,13,21,14,15,25,33,65,61,70,76,63,76,75,67,104,105,113,108,98,91,97,93,141,109,113,121,187,147,230,208,206,217,422,315,301,259,260,218,227]} 1. e4 e5 2. Nf3 Nc6 3. Bb5 a6 4. Ba4 Nf6 5. O-O Be7 6. d3 b5 7. Bb3 d6 8. Bd2 {C84: Closed Ruy Lopez: Unusual White 6th moves} O-O 9. h3 Bb7 10. Re1 {The position is equal.} Nb8 11. a3 Nbd7 12. Nc3 Re8 $146 ({Predecessor:} 12... c5 13. Ba2 Qc7 14. Ne2 d5 15. exd5 Bxd5 16. Bxd5 Nxd5 17. c4 {½-½ (70) Kuzmin,G (2516)-Khalifman,A (2678) Rethymno 2003}) 13. Ba2 Bf8 14. g4 Nc5 15. Ng5 $36 {[%mdl 2048] White has the initiative.} Ne6 16. Nxe6 fxe6 17. g5 Nd7 18. Qg4 Qe7 19. h4 g6 20. Re3 Bg7 21. h5 gxh5 22. Qxh5 Nf8 23. Rh3 c6 24. Ne2 {[%cal Bc3e2,Be2g3,Bg3h5][%mdl 32]} d5 25. Ng3 Bh8 (25... Rad8 $16) 26. Kg2 Rac8 (26... Qc7 $16 {might work better.} 27. Qg4 Ng6) 27. Rah1 $18 Qf7 28. Qg4 Re7 $2 (28... Rc7 29. Rxh7 Qxh7) 29. Nh5 {[#] Nf6+ is the strong threat.} Qg6 30. Rg3 Rf7 31. Bc3 {aiming for Qh3.} c5 {Accuracy: White = 81%, Black = 47%.} 1-0

[Event "Josef Kupper Memorial 2019"]
[Site "Zurich"]
[Date "2019.08.15"]
[Round "3.7"]
[White "Florescu, Codrut-Constantin"]
[Black "Bogner, Sebastian"]
[Result "0-1"]
[WhiteElo "2314"]
[BlackElo "2569"]
[Annotator "TA"]
[PlyCount "62"]
[EventDate "2019.08.14"]
[EventType "swiss"]
[EventCountry "SUI"]
[SourceTitle "playchess.com"]
[Source "ChessBase"]
[SourceQuality "1"]

{[%evp 16,62,13,0,-7,-20,-15,-16,-3,-22,-24,-53,-47,-44,-44,-71,-64,-79,-66,-98,-106,-125,-109,-118,-130,-171,-170,-227,-178,-262,-253,-272,-269,-412,-386,-441,-462,-448,-444,-638,-585,-728,-760,-744,-737,-863,-865,-1368,-1042]} 1. Nf3 Nf6 2. b3 g6 3. Bb2 Bg7 4. c4 O-O 5. g3 d6 6. Bg2 e5 7. O-O c5 8. Nc3 Nc6 9. Ne1 Be6 {A38: Symmetrical English vs ...g6: 4 Bg2 Bg7 5 Nf3 Nf6} 10. e4 $146 ({Predecessor:} 10. Nd5 Ne8 11. Nc2 f5 12. f4 Rc8 13. d3 Kh8 14. Qd2 Qd7 15. Rae1 Bg8 16. b4 exf4 17. Bxg7+ Qxg7 18. gxf4 {½-½ (62) Hayrapetyan,H (2498)-Gordievsky,D (2562) Yerevan 2017}) 10... Nd4 11. Nc2 Rb8 {The position is equal.} 12. h3 a6 13. Nxd4 cxd4 14. Nd5 b5 $36 {[%mdl 2048] White is under pressure.} 15. d3 bxc4 16. dxc4 Nxd5 17. cxd5 Bd7 18. Qd2 f5 19. exf5 gxf5 ({Don't play} 19... Bxf5 20. Rac1 $15) 20. f4 Qb6 21. Rad1 (21. Rfd1 $142) 21... a5 {[%cal Ba6a5,Ba5a4][%mdl 32]} 22. Rf2 (22. fxe5 {was worth a try.} dxe5 23. Kh2) 22... a4 $19 23. fxe5 dxe5 24. b4 (24. Kh2 $142) 24... a3 25. Bxa3 e4 {Black is clearly winning.} 26. Qe1 e3 27. Kh2 (27. Re2 $142 Bb5 28. d6) 27... Ba4 28. Rf4 Bxd1 29. Qxd1 Be5 30. Bc1 Rbc8 31. Qe1 Rc2 {Accuracy: White = 16%, Black = 93%.} 0-1

[Event "Josef Kupper Memorial 2019"]
[Site "Zurich"]
[Date "2019.08.15"]
[Round "3.8"]
[White "Vaibhav, Suri"]
[Black "Fischer, Daniel"]
[Result "1-0"]
[WhiteElo "2591"]
[BlackElo "2288"]
[Annotator "TA"]
[PlyCount "57"]
[EventDate "2019.08.14"]
[EventType "swiss"]
[EventCountry "SUI"]
[SourceTitle "playchess.com"]
[Source "ChessBase"]
[SourceQuality "1"]

{[%evp 17,57,50,50,16,23,0,13,2,64,70,74,64,163,151,147,112,204,199,193,157,160,161,182,179,192,194,192,207,219,214,415,463,1183,1214,1153,1109,29968,29969,6278,6270,29977,29978]} 1. e4 e5 2. Nf3 Nc6 3. Bb5 a6 4. Ba4 Nf6 5. O-O b5 6. Bb3 Bc5 7. c3 d6 8. a4 {[%cal Ba2a4,Ba4a5][%mdl 32]} Rb8 9. d4 Bb6 10. a5 {C78: Ruy Lopez: Archangelsk and Möller Defences} Ba7 $1 11. Be3 Bg4 12. Nbd2 {The position is equal.} Ra8 $146 (12... exd4 $11 13. cxd4 O-O) ({Predecessor:} 12... O-O 13. h3 Bh5 14. Qe1 exd4 15. Nxd4 Nxd4 16. Bxd4 c5 17. Bxf6 Qxf6 {½-½ (41) Saric,I (2685)-Praggnanandhaa,R (2529) Ortisei 2018}) 13. h3 $14 Bh5 14. Qe1 exd4 ({Black should play} 14... O-O $14) 15. Nxd4 $18 ({Don't play} 15. cxd4 $6 Nb4 $14) 15... Nxd4 16. cxd4 Bg6 (16... O-O $16 {keeps fighting.}) 17. f4 {And now f5 would win.} Bxe4 {[#]} 18. d5 $1 {[%mdl 512] Bxa7 is the strong threat.} c5 (18... Bxd5 19. Bxa7+) 19. dxc6 $1 d5 20. Rc1 Qc7 21. Bxd5 $1 Nxd5 {[#]} 22. Bxa7 $1 Qxa7+ {[#]} 23. Kh1 $1 f5 $2 (23... O-O) 24. Nxe4 fxe4 (24... O-O $142 25. Nd6 Rf6) 25. Qxe4+ {[%mdl 64] Double Attack} Ne7 26. Rfd1 Rd8 27. Rxd8+ Kxd8 28. c7+ Kd7 29. Rd1+ {Accuracy: White = 86%, Black = 37%.} 1-0

[Event "Josef Kupper Memorial 2019"]
[Site "Zurich"]
[Date "2019.08.15"]
[Round "3.9"]
[White "Wagner, Dennis"]
[Black "Sukandar, Irine Kharisma"]
[Result "0-1"]
[WhiteElo "2579"]
[BlackElo "2385"]
[Annotator "TA"]
[PlyCount "90"]
[EventDate "2019.08.14"]
[EventType "swiss"]
[EventCountry "SUI"]
[SourceTitle "playchess.com"]
[Source "ChessBase"]
[SourceQuality "1"]

{[%evp 19,136,6,10,5,14,0,0,0,22,0,24,19,18,19,34,25,37,14,19,-34,-10,-79,-58,-175,-83,-83,-91,-188,-177,-267,-283,-285,-293,-320,-327,-323,-311,-807,-803,-803,-803,-785,-780,-703,-702,-29988,-1106,-1005,-997,-927,-627,-613,-620,-615,-613,-606,-577,-522,-382,-442,-443,-411,-377,-672,-667,-616,-604,-507,-534,-534,-523,-522,-518,-497,-485,-598,-542,-629,-629,-694,-667,-662,-655,-727,-727,-741,-741,-737,-736,-725,-716,-29948,-29953,-29952,-29942,-12279,-6818,-6295,-5612,-5727,-5136,-29977,-29974,-29977,-29978,-29974,-29975,-29982,-29979,-29980,-29981,-29983,-29984,-29984,-29985,-29985,-29986,-29986,-288]} 1. Nf3 Nf6 2. c4 e6 3. g3 b6 4. Bg2 Bb7 5. O-O Be7 6. d4 O-O 7. Re1 d5 8. cxd5 exd5 9. Nc3 Nbd7 10. Bf4 Ne4 11. Rc1 {E17: Queen's Indian: 4 g3 Bb7 5 Bg2 Be7} Nxc3 12. Rxc3 c5 13. dxc5 {The position is equal.} bxc5 {[#]} 14. Rc2 $146 ({Predecessor:} 14. Rd3 c4 15. Rxd5 Bxd5 16. Qxd5 Nb6 17. Qb5 Rc8 18. Ne5 Rc5 {½-½ (129) Tran,T (2520)-Ponkratov,P (2605) St Petersburg 2018}) 14... Nf6 15. Nd2 Re8 16. Nc4 h6 17. Rd2 Qd7 18. Na5 Ba6 $1 19. a4 (19. Be5 $11) 19... Qe6 {...g5 is the strong threat.} 20. Rxd5 (20. Bxd5 $11 {keeps the balance.} Nxd5 21. Rxd5) 20... Qb6 $1 $17 21. Nc6 (21. Re5 $2 Rad8 $19) ({White should play} 21. Bd2 $15) 21... Nxd5 (21... Qxc6 $19 {and Black stays clearly on top.} 22. Rd6 Qxd6 $1 {[%mdl 576] Remove Defender} 23. Bxd6 Rad8) 22. Qxd5 Bf6 $36 {[%mdl 2048] White is under strong pressure.} 23. Be3 {[#]} (23. a5 $17 Qxb2 24. Be5 Bxe5 25. Nxe5 Qxe5 26. Qxe5 Rxe5 27. Bxa8) 23... Rac8 $1 $19 {Strongly threatening ...Bb7.} ({Not} 23... Bxb2 {[#]} 24. Ne7+ $1 {[%mdl 512]} Kh8 25. Qxf7 $14) (23... Qxb2 24. Qxc5 Bxe2 25. Nxa7 $17) 24. b4 {[#]} (24. Qd7 {keeps fighting.}) 24... Rxe3 $1 {[%mdl 512]} 25. fxe3 cxb4 26. Kf2 Re8 27. Nd4 Bg5 28. Be4 $2 {[#]} (28. Kf1) 28... Bxe3+ $1 {[%mdl 512]} 29. Kxe3 Bb7 $1 {[%cal Rb7d5]} 30. a5 Qc7 ({Less strong is} 30... Bxd5 31. axb6 Rxe4+ 32. Kd3 $17) 31. Nb5 Qe7 ({Worse is} 31... Bxd5 32. Nxc7 Rxe4+ 33. Kd3 $14) (31... Rxe4+ 32. Qxe4 Qc5+ 33. Qd4 $16) 32. Qd1 Qg5+ (32... Qxe4+ $142 33. Kd2 Rd8+ {[%mdl 64] Skewer} 34. Kc1 Qe3+ 35. Kb1 Rxd1+ 36. Rxd1 Qxe2 37. Kc1 Qxb5 38. Rd2 Qc5+ 39. Rc2 Qe3+ 40. Rd2 Qe1+ 41. Kc2 Be4+ 42. Rd3 Qc3+ {[%mdl 64] Double Attack, Pin} 43. Kd1 Bxd3 44. h4 Qc2+ 45. Ke1 Qe2#) 33. Kf2 Rxe4 34. Qd3 Qc5+ 35. e3 Rc4 36. Nd6 Rc2+ 37. Re2 Rxe2+ 38. Kxe2 Qh5+ 39. Ke1 Qxh2 40. e4 Bc6 41. Qb3 $2 (41. Qf3 Qa2 42. Qf5) 41... Qg1+ 42. Ke2 Qg2+ 43. Ke1 Kh7 44. Qxb4 Qxg3+ 45. Ke2 Qg2+ {Played: Qg3-e5} 0-1

[Event "Josef Kupper Memorial 2019"]
[Site "Zurich"]
[Date "2019.08.15"]
[Round "3.10"]
[White "Puranik, Abhimanyu"]
[Black "Meier, Volker"]
[Result "1-0"]
[WhiteElo "2550"]
[BlackElo "2281"]
[Annotator "TA"]
[PlyCount "69"]
[EventDate "2019.08.14"]
[EventType "swiss"]
[EventCountry "SUI"]
[SourceTitle "playchess.com"]
[Source "ChessBase"]
[SourceQuality "1"]

{[%evp 16,69,20,19,23,20,38,19,37,15,27,28,33,14,35,7,10,8,95,87,83,84,85,89,141,133,126,75,66,75,72,73,76,83,109,112,64,86,213,186,396,395,377,400,561,568,553,423,429,431,422,300,1751,1244,5289,5193]} 1. Nf3 d5 2. g3 g6 3. Bg2 Bg7 4. d4 Nf6 5. O-O O-O 6. c4 c6 7. b3 a5 8. Nc3 Ne4 9. Bb2 Nxc3 {A11: English Opening: 1...c6} (9... Bf5 10. e3 Nxc3 11. Bxc3 Be4 12. Qe2 Nd7 13. Rfc1 e6 14. Bh3 Bxf3 15. Qxf3 Qe7 16. Rab1 Rfc8 17. cxd5 exd5 18. b4 axb4 19. Bxb4 {1-0 (51) Oparin,G (2613)-Dubov,D (2703) St Petersburg 2018}) 10. Bxc3 Nd7 11. Rc1 e6 {The position is equal.} 12. Qc2 b6 13. Rfd1 Ba6 $146 ({Predecessor:} 13... Bb7 14. e4 Rc8 15. Qb1 Re8 16. Bb2 Nf6 17. Nd2 Qe7 18. Re1 Qd8 19. exd5 cxd5 {½-½ (44) Pinel Mirasierra,J (1951)-Martin Rodriguez,E (2078) Madrid 2014}) 14. Bb2 Rc8 15. Ne5 Nxe5 16. dxe5 f6 (16... Qe7 $11 {keeps the balance.}) 17. exf6 $16 Bxf6 18. e4 Bb7 19. f4 Qe7 ({Black should play} 19... b5) 20. e5 Bg7 21. h4 (21. Qf2 $142) 21... Rfd8 22. cxd5 exd5 23. h5 Qe6 24. Kh2 Rc7 25. Bh3 Qe8 26. e6 Rd6 (26... d4 $16 {was called for.}) 27. h6 $36 {[%mdl 2112] [#] Deflection. Black is under strong pressure.} Bxh6 $2 (27... Bxb2 28. Qxb2 Bc8) 28. Be5 $18 {[%mdl 64] Skewer} Qe7 29. f5 {And now f6 would win.} gxf5 (29... Bg7 $142) 30. Qxf5 Bc8 {[%cal Rd6e6]} 31. Bxd6 Qxd6 {[#]} 32. Rc4 $3 {[%mdl 576] Pin} Re7 (32... dxc4 33. Rxd6) 33. Rg4+ Bg7 $2 (33... Kh8 34. Re1 (34. Rh4 Rxe6 35. Qf2 Re8 $16) 34... Rxe6) 34. Rf1 {[%csl Gf1][%cal Rf5f8]} Rc7 35. Qh5 {Accuracy: White = 64%, Black = 39%.} 1-0

[Event "Josef Kupper Memorial 2019"]
[Site "Zurich"]
[Date "2019.08.15"]
[Round "3.11"]
[White "Kiremitciyan, Ari"]
[Black "Theodorou, Nikolas"]
[Result "1/2-1/2"]
[WhiteElo "2276"]
[BlackElo "2548"]
[Annotator "TA"]
[PlyCount "86"]
[EventDate "2019.08.14"]
[EventType "swiss"]
[EventCountry "SUI"]
[SourceTitle "playchess.com"]
[Source "ChessBase"]
[SourceQuality "1"]

{[%evp 15,86,43,50,16,20,11,12,19,23,14,29,30,47,38,39,27,20,22,18,25,25,21,45,39,43,18,18,22,27,25,39,0,0,0,0,0,0,0,59,0,0,0,0,0,52,0,0,0,0,0,0,0,0,0,16,0,0,0,0,0,0,0,0,0,0,0,0,0,0,0,0,0,0]} 1. c4 Nf6 2. Nc3 g6 3. g3 Bg7 4. Bg2 O-O 5. e4 d6 6. Nge2 c6 7. d4 e5 8. O-O a6 9. a4 {E72: King's Indian: 4 e4 d6 5 g3} (9. dxe5 dxe5 10. c5 Be6 11. Qc2 Nbd7 12. Na4 Qe7 13. h3 {½-½ (13) Medvegy,Z (2538)-Baklan,V (2614) Germany 2018}) 9... a5 10. h3 Na6 11. Be3 exd4 12. Bxd4 Be6 13. b3 Nd7 $146 ({Predecessor:} 13... Nb4 14. Qd2 Qc7 15. Rad1 Rad8 {1-0 (50) Foisor,M (2215)-L'Ami,A (2360) Sarata Monteoru 2012}) 14. Bxg7 Kxg7 15. Qxd6 Ndc5 16. Qd4+ $1 f6 17. Rab1 Qxd4 18. Nxd4 Bf7 19. Rfd1 Rfd8 20. f3 Rd7 21. Rd2 Rad8 22. Rbd1 Nb4 23. Bf1 Nc2 24. Rxc2 {[#] Threatens to win with Rcd2.} Rxd4 25. Rxd4 Rxd4 26. Rb2 Nd3 (26... Be6 $11) 27. Re2 (27. Ne2 $14) 27... Nc5 {[#] ...Rd3 is the strong threat.} 28. Rb2 Be6 29. h4 Nd3 (29... h5 $11) 30. Re2 ({Better is} 30. Bxd3 $14 Rxd3 {[%mdl 64] Double Attack} 31. Ne2) 30... Nc5 $11 {And now ...Rd3 would win.The position is equal.} 31. Rb2 h5 32. Kf2 Rd3 $1 {[%cal Rd3c3]} 33. Rc2 Rd8 34. Rb2 g5 35. Ke3 Bh3 36. Be2 $1 g4 $1 37. f4 Bg2 38. f5 Bf3 {Hoping for ...Bxe2.} 39. Bf1 Kf8 40. b4 axb4 41. Rxb4 Bg2 42. Be2 $1 Bf3 43. Bf1 Bg2 {Accuracy: White = 57%, Black = 69%.} 1/2-1/2

[Event "Josef Kupper Memorial 2019"]
[Site "Zurich"]
[Date "2019.08.15"]
[Round "3.12"]
[White "Chennaoui, Yasin"]
[Black "Beerdsen, Thomas"]
[Result "1/2-1/2"]
[WhiteElo "2092"]
[BlackElo "2491"]
[Annotator "TA"]
[PlyCount "68"]
[EventDate "2019.08.14"]
[EventType "swiss"]
[EventCountry "SUI"]
[SourceTitle "playchess.com"]
[Source "ChessBase"]
[SourceQuality "1"]

{[%evp 14,68,0,8,22,0,0,0,0,0,0,0,0,0,0,0,0,0,0,0,23,31,51,47,96,65,88,50,42,0,79,0,47,57,64,0,0,0,-9,-4,0,0,0,0,0,0,43,22,30,0,0,-18,0,0,10,-12,0]} 1. c4 c5 2. g3 g6 3. Bg2 Bg7 4. Nc3 Nc6 5. a3 ({Predecessor:} 5. Nf3 e6 6. a3 d5 7. Rb1 Nge7 8. b4 cxb4 9. axb4 {0-1 (36) Vaulin,A (2510)-Nepomniashchy,M (2410) St Petersburg 1995}) 5... e6 6. Rb1 Nge7 7. b4 cxb4 8. axb4 O-O {A36: Symmetrical English vs ...g6: 4 Bg2 Bg7} 9. Nf3 d5 10. b5 Na5 $1 11. cxd5 exd5 12. d4 $146 (12. Ba3 d4 13. Ne4 Nc4 14. Bb4 Re8 15. Qb3 Be6 16. Nfg5 {0-1 (30) Lie,K (2537)-So,W (2822) chess.com INT 2017}) 12... Bf5 13. Ra1 Rc8 14. Bd2 b6 15. O-O Rc4 16. e3 Qc7 17. Ra3 Rc8 18. Qa1 Qd6 19. Re1 Bd7 20. Rb1 Bf5 21. Re1 Bd7 $1 22. Rb1 (22. e4 $16) 22... R4c7 (22... Bf5 $5 {[%cal Rf5b1]} 23. Re1 $11) 23. Ne2 Bf5 $1 {[%cal Rf5b1]} 24. Bb4 (24. Re1 $14) 24... Qd7 $11 25. Re1 Nc4 $36 {[%mdl 2048] Black has the initiative.} 26. Ra2 Qxb5 27. Bxe7 $1 Rxe7 28. Rxa7 Rxa7 29. Qxa7 Nd6 {[%cal Bc4d6,Bd6e4,Be4c3][%mdl 32]} 30. Nf4 Ne4 31. Qa2 Nc3 {The position is equal.} 32. Qd2 Ne4 33. Qa2 Nc3 34. Qd2 Ne4 {Accuracy: White = 50%, Black = 58%.} 1/2-1/2

[Event "Josef Kupper Memorial 2019"]
[Site "Zurich"]
[Date "2019.08.15"]
[Round "3.13"]
[White "Karthik Venkataraman"]
[Black "Doric, Nenad"]
[Result "1-0"]
[WhiteElo "2462"]
[BlackElo "2275"]
[Annotator "TA"]
[PlyCount "55"]
[EventDate "2019.08.14"]
[EventType "swiss"]
[EventCountry "SUI"]
[SourceTitle "playchess.com"]
[Source "ChessBase"]
[SourceQuality "1"]

{[%evp 13,55,21,27,19,48,56,58,66,62,67,64,72,62,68,58,64,59,66,75,53,127,126,122,108,165,156,158,164,165,79,170,108,133,97,282,295,554,535,29982,29983,29971,29979,29995,29996]} 1. d4 d5 2. c4 e6 3. Nc3 Nf6 4. cxd5 exd5 5. Bg5 Be7 6. e3 c6 7. Bd3 Nbd7 8. h3 {D35: Queen's Gambit Declined: Exchange Variation} (8. Nge2 Nf8 9. O-O Ne6 10. Bh4 O-O 11. f3 b6 12. Kh1 g6 13. Bf2 c5 14. Qd2 Bb7 15. Rad1 a6 16. Bc2 Re8 {1-0 (39) Cheparinov,I (2666)-Wang,H (2725) Changsha 2019}) 8... Ne4 9. Bxe7 Qxe7 10. Bxe4 {White is slightly better.} dxe4 11. Qg4 Nf6 12. Qxg7 Rg8 13. Qh6 Rxg2 14. Nge2 Rg6 15. Qh4 Be6 16. O-O-O $146 Bd5 (16... Kd7 $14) 17. Nf4 $16 Rg8 18. Rhg1 O-O-O {[#]} (18... Kd7 $16 {might work better.}) 19. Nh5 $1 $36 {[%cal Rh5f6][%mdl 2048] White is in control.} Rxg1 20. Rxg1 Rd6 21. Rg7 (21. Nxf6 $18 {is more deadly.} Qxf6 22. Rg8+ (22. Qxh7 Qxf2 {[%mdl 64] Double Attack} 23. Qg8+ Kc7 $11) 22... Kc7 23. Qg3) 21... Kd7 (21... Qf8 $16) 22. Nxf6+ (22. Ng3 $18) 22... Qxf6 23. Rxh7 Qg6 $2 (23... Qxh4 $16 {was necessary.} 24. Rxh4 Rf6) 24. Rh8 {[#] Intending Qd8+ and mate.} Rf6 $2 (24... Kc7 25. Qe7+ Rd7) 25. Rb8 {Strongly threatening Qh8.} c5 {and the idea ...cxd4 leaves Black hopeful.} 26. Qh8 {White mates.} Qg1+ 27. Nd1 Rc6 28. Qe8+ {Accuracy: White = 57%, Black = 20%.} 1-0